000
00298nam a22001337a 4500
005
20170401155159.0
008
170401b xxu||||| |||| 00| 0 eng d
041
_a
eng
100
_a
KAKU,L.C
_9
3781
245
_a
PRACTICAL TRAINING IN MINES
300
_a
148
650
_a
MINING
_9
3793
942
_c
BK
999
_c
5397
_d
5395